000
00303nam a22001337a 4500
008
170623b xxu||||| |||| 00| 0 eng d
020
_a
9780231142632
041
_a
eng
080
_a
32
100
_a
21
101
_a
SHP
245
_a
THE TEACHINGS OF MODERN PROTESTANTISM
_c
WITTE,J
942
_2
udc
_c
BK
999
_c
18925
_d
18925